|
LDR
| 02311nam a2200589 i 4500 |
|---|
| 001 | 56756 |
|---|
| 003 | CZ-PrJAB |
|---|
| 005 | 20220615095829.0 |
|---|
| 007 | ta |
|---|
| 008 | 151109s2015 xr a f f 000 0 cze |
|---|
| 015 | | . |
‡acnb002749062 |
|---|
| 020 | | . |
‡a978-80-905748-2-3
‡q(brožováno) |
|---|
| 035 | | . |
‡a(CZ PrNK)nkc20152749062 |
|---|
| 035 | | . |
‡a(OCoLC)932001054 |
|---|
| 040 | | . |
‡aABA001
‡bcze
‡erda |
|---|
| 072 | | 7. |
‡a373.2/.3
‡xPředškolní a primární výchova a vzdělávání
‡2Konspekt
‡922 |
|---|
| 080 | | . |
‡a373.2.011.3-051-055.2
‡2MRF |
|---|
| 080 | | . |
‡a373.2
‡2MRF |
|---|
| 080 | | . |
‡a37.015.31:316.42
‡2MRF |
|---|
| 080 | | . |
‡a37.091.321
‡2MRF |
|---|
| 080 | | . |
‡a005.963
‡2MRF |
|---|
| 080 | | . |
‡a37.018.26
‡2MRF |
|---|
| 080 | | . |
‡a(072)
‡2MRF |
|---|
| 100 | 1 | . |
‡aDobrovolná, Saša,
‡d1971-
‡7mzk2013744270
‡4aut |
|---|
| 245 | 1 | 0. |
‡aDobrý začátek :
‡bověřené postupy pro učitelky mateřských škol /
‡cautoři jednotlivých kapitol v abecedním pořadí: Alexandra Dobrovolná, Marek Havrda, Egle Havrdová, Lucie Chaloupková, Kateřina Vyhnánková |
|---|
| 264 | | 1. |
‡a[Praha] :
‡bSchola Empirica,
‡c2015 |
|---|
| 300 | | . |
‡a130 stran :
‡bilustrace ;
‡c26 cm |
|---|
| 336 | | . |
‡atext
‡btxt
‡2rdacontent |
|---|
| 337 | | . |
‡abez média
‡bn
‡2rdamedia |
|---|
| 338 | | . |
‡asvazek
‡bnc
‡2rdacarrier |
|---|
| 500 | | . |
‡a500 výtisků |
|---|
| 504 | | . |
‡aObsahuje bibliografii a bibliografické odkazy |
|---|
| 650 | 0 | 7. |
‡aučitelky mateřských škol
‡7ph276826
‡2czenas |
|---|
| 650 | 0 | 7. |
‡apředškolní výchova
‡7ph124887
‡2czenas |
|---|
| 650 | 0 | 7. |
‡aosobnostní a sociální výchova
‡7ph351300
‡2czenas |
|---|
| 650 | 0 | 7. |
‡apedagogické dovednosti
‡7ph157201
‡2czenas |
|---|
| 650 | 0 | 7. |
‡aprofesní rozvoj
‡7ph706538
‡2czenas |
|---|
| 650 | 0 | 7. |
‡arodina a škola
‡7ph125181
‡2czenas |
|---|
| 650 | 0 | 9. |
‡awomen kindergarten teachers
‡2eczenas |
|---|
| 650 | 0 | 9. |
‡apreschool education
‡2eczenas |
|---|
| 650 | 0 | 9. |
‡apersonal and social education
‡2eczenas |
|---|
| 650 | 0 | 9. |
‡ateaching skills
‡2eczenas |
|---|
| 650 | 0 | 9. |
‡aprofessional development
‡2eczenas |
|---|
| 650 | 0 | 9. |
‡ahome and school
‡2eczenas |
|---|
| 655 | | 7. |
‡ametodické příručky
‡7fd132826
‡2czenas |
|---|
| 655 | | 9. |
‡amethodological manuals
‡2eczenas |
|---|
| 700 | 1 | . |
‡aHavrda, Marek
‡7osa2014803829
‡4aut |
|---|
| 700 | 1 | . |
‡aHavrdová, Egle,
‡d1974-
‡7mzk2007417427
‡4aut |
|---|
| 700 | 1 | . |
‡aŠkarková, Lucie,
‡d1981-
‡7mzk2010614229
‡4aut |
|---|
| 700 | 1 | . |
‡aVyhnánková, Kateřina,
‡d1979-
‡7mzk2008430584
‡4aut |
|---|
| 910 | | . |
‡aABG312 |
|---|
| 995 | | . |
‡aska |
|---|
| 901 | | . |
‡a56756
‡bAUTOGEN
‡c56756
‡tbiblio |
|---|